000 00259nam a22001097a 4500
008 170120b xxu||||| |||| 00| 0 eng d
020 _a9780803608115
041 _aeng
080 _22ND
_a618.2
245 _aDISEASE AND DISORDERS
_cSOMMERS, M.S
942 _2udc
_cBK
999 _c3308
_d3308